Cytogenetic and molecular mapping of the wheat-Agegilops longissima chromatin breakpoints in powdery mildew-resistant introgression lines (Record no. 56703)

MARC details
000 -LEADER
fixed length control field 00542nam a2200169Ia 4500
100 ## - MAIN ENTRY--AUTHOR NAME
Personal name Donini P
245 #0 - TITLE STATEMENT
Title Cytogenetic and molecular mapping of the wheat-Agegilops longissima chromatin breakpoints in powdery mildew-resistant introgression lines
260 ## - PUBLICATION, DISTRIBUTION, ETC. (IMPRINT)
Name of publisher Theoretical and Applied Genetics
Year of publication 1995
300 ## - PHYSICAL DESCRIPTION
Number of Pages 738-743
650 ## - SUBJECT ADDED ENTRY--TOPICAL TERM
Topical Term Alien introgression
650 ## - SUBJECT ADDED ENTRY--TOPICAL TERM
Topical Term RFLP mapping
650 ## - SUBJECT ADDED ENTRY--TOPICAL TERM
Topical Term Telocentric mapping
700 ## - ADDED ENTRY--PERSONAL NAME
Personal name Ceoloni C
700 ## - ADDED ENTRY--PERSONAL NAME
Personal name Koebner R M D
942 ## - ADDED ENTRY ELEMENTS (KOHA)
Koha item type Journals
Holdings
Withdrawn status Lost status Damaged status Not for loan Home library Current library Shelving location Date acquired Serial Enumeration / chronology Koha item type
      Journals RRII Library RRII Library RFLP 17/12/2021 Volume 91, Issue 5 Journals